Musicians By Birth Names - Statistics

General Stats
  • This quiz has been taken 79 times
  • The average score is 6 of 16
Answer Stats
Answer % Correct
Ozzy Osbourne
75%
Elton John
63%
George Michael
58%
Tina Turner
44%
Bruno Mars
42%
Gene Simmons
41%
Marilyn Manson
39%
Slash
39%
Elvis Costello
37%
Stevie Wonder
34%
Lemmy
32%
Courtney Love
27%
Flea
23%
Jack White
11%
Synyster Gates
10%
Tre Cool
10%
No matching quizzes found
Score Distribution
Percent of People with Each Score
Percentile by Number Answered
Your Score History
You have not taken this quiz